Statistics for Guess the U.S. State

Click here to take the quiz!

General Stats

  • This quiz has been taken 120 times
  • The average score is 8 of 9

Answer Stats

HintsState% Correct
Chesapeake Bay, Appalachian Mountains, George WashingtonVirginia
95%
Jennifer Lopez, Chrysler Building, Lake PlacidNew York
88%
Mount Rainier, The Evergreen State, Puget SoundWashington
88%
Rocky Mountains, Broncos, Karl RoveColorado
86%
Vikings, Eagle Mountain, PrinceMinnesota
84%
Hope, Blanchard Springs Caverns, Bill ClintonArkansas
83%
Ulysses S. Grant, Akron, Lake ErieOhio
82%
High Plains, Rocky Mountains, Grand Teton National ParkWyoming
80%
Lil Jon, 1996 Olympics, The Dukes of HazzardGeorgia
75%

Score Distribution

Percentile by Number Answered

Percent of People with Each Score

Your Score History

You have not taken this quiz